Mecánica de fluidos
Uloženo v:
| Hlavní autoři: | , , |
|---|---|
| Médium: | Kniha |
| Jazyk: | španělština |
| Vydáno: |
Ciudad de México
Patria
2007
|
| Vydání: | 2a. ed |
| Témata: | |
| Tagy: |
Přidat tag
Žádné tagy, Buďte první, kdo vytvoří štítek k tomuto záznamu!
|
MARC
| LEADER | 00000cam a2200000 a 4500 | ||
|---|---|---|---|
| 001 | UCF2506 | ||
| 003 | CL-VaPUC | ||
| 008 | 120824e20070000MX |||||||||||||||||spa|d | ||
| 020 | |a 9789708170406 | ||
| 082 | 0 | 4 | |a 532 |b CRO |2 21 |
| 100 | 0 | |a Crowe, Clayton T |e author |9 564174 | |
| 700 | 0 | |a Elger, Donald F |e author |9 564175 | |
| 700 | 0 | |a Roberson, John A |e author |9 564176 | |
| 245 | 1 | 0 | |a Mecánica de fluidos |
| 250 | |a 2a. ed | ||
| 300 | |a 711 p | ||
| 942 | |c BK | ||
| 945 | |d 20120824 00:00:00 |a dcastane | ||
| 260 | |a Ciudad de México |b Patria |c 2007 | ||
| 650 | 0 | |a Física |9 227844 | |
| 650 | 0 | |a Fluidos |9 259333 | |
| 650 | 0 | |a Propagación de ondas |9 263256 | |
| 650 | 0 | |a Dinámica de fluidos |9 260582 | |
| 583 | |a last modification |c 20120824 12:41:00 |k Rodrigo Vera | ||
| 999 | |c 349067 |d 349065 | ||
| 952 | |0 0 |1 0 |4 0 |6 532_000000000000000_CRO_2007 |7 0 |8 A |9 451447 |a BIBMEC |b BIBMEC |d 2019-11-22 |i 488471K |o 532 CRO 2007 |p 488471K |r 2019-11-22 |w 2019-11-22 |y BK |k MEC | ||